000 00594nam a2200229Ia 4500
003 OSt
005 20220924140114.0
006 a|||||r|||| 00| 0
007 ta
008 220923b |||||||| |||| 00| 0 ben d
024 _a293583
037 _cTextual
040 _aARTS
_cARTS
_bben
041 _2ben
_aben
082 _aO157,1xN, M71
100 _aRoy O Basu Ed.
_9210960
245 0 _aParamanabik astra virodhi kobita sankalan
260 _c1987
650 _aBENGALI LITERATURE
942 _hO157,1xN, M71
_cTEXL
_2CC
999 _c442867
_d442867